Five Nights at Freddy's Animatronic Quiz - Statistics

General Stats
  • This quiz has been taken 185 times
    105 since last reset
  • The average score is 61 of 253
Answer Stats
Answer % Correct
Bonnie
94%
FNAF 1 Freddy
94%
Chica
92%
Foxy
90%
Golden Freddy
88%
Toy Bonnie
86%
Nightmare
82%
Toy Chica
82%
FNAF 2 Toy Freddy
82%
Balloon Boy
80%
Mangle
80%
FNAF 3 Springtrap
80%
FNAF 4 Nightmare Freddy
78%
Nightmare Chica
76%
Nightmare Foxy
76%
Withered Bonnie
76%
Withered Chica
76%
Withered Foxy
76%
Withered Freddy
76%
Nightmare Bonnie
74%
Funtime Foxy
70%
Funtime Freddy
70%
FNAF 5 (SL) Circus Baby
68%
Ennard
68%
Marionette
68%
Nightmare Fredbear
68%
Phantom Balloon Boy
68%
Phantom Chica
68%
Phantom Foxy
68%
Phantom Freddy
68%
Ballora
64%
Phantom Mangle
64%
FNAF 2 Easter Eggs Shadow Bonnie
64%
Nightmarionne
62%
Plushtrap
62%
Shadow Freddy
62%
JJ
58%
Rockstar Bonnie
58%
Rockstar Chica
58%
Rockstar Foxy
58%
FNAF 6 (PS) Rockstars Rockstar Freddy
58%
Bon-Bon
56%
Jack-o-Chica
56%
Nightmare Balloon Boy
56%
FNAF 4 DLC Nightmare Mangle
56%
Endo-Skeleton
54%
Nightmare Cupcake
54%
Phantom Marionette
54%
Scrapbaby
54%
Withered Golden Freddy
54%
FNAF 6 (PS) Others Funtime Chica
52%
Jack-o-Bonnie
52%
Roxanne Wolf (Roxy)
52%
FNAF 6 (PS) Scraptrap
52%
Glamrock Chica
48%
FNAF SB Glamrock Freddy
48%
Lefty
48%
Fredbear
46%
Freddles
46%
Molten Freddy
46%
Montgomery Gater (Monty)
46%
Minireena
42%
Happy Frog
40%
Lolbit
40%
Mimic
40%
FNAF 6 (PS) Mediocre Melodies Mr. Hippo
40%
First FNAF Animatronics Spring Bonnie
40%
Bidybab
38%
Bonnet
38%
FNAF 8 (VR) Glitchtrap
38%
Music Man
38%
Vanny
38%
Electrobab
34%
Orville Elephant
34%
Twisted Foxy
34%
Twisted Freddy
34%
Helpy
32%
Nedd Bear
32%
Ruined Montgomery Gator (Monty)
32%
Ruined Roxanne Wolf (Roxy)
32%
Twisted Bonnie
32%
Twisted Chica
32%
FNAF 5 (SL) CN Yenndo
32%
FNAF 8 (VR) Halloween DLC Dreadbear
30%
Glamrock Bonnie
30%
PigPatch
30%
Ruined Chica
30%
Daycare Attendant (Moon)
28%
Daycare Attendant (Sun)
28%
El Chip
28%
Mr. Hugs
28%
Old Man Consequences
28%
Pan Stan
28%
Map Bot
26%
Phantom Bonnie
26%
FNAF 7 (UCN) Phone Guy
26%
Sparky the Dog
26%
Fruit Punch Clown
24%
Gregory
24%
Lemonade Clown
24%
Mr. Can-Do
24%
No.1 Crate
24%
FNAF SB DLC (Ruin) Ruined Freddy (PROTOTYPE)
24%
FNAF 6 (PS) Trash and the Gang Bucket Bob
22%
Candy Cadet
22%
Eclipse
22%
Security Bot
22%
Vanessa
22%
Security Puppet
20%
Twisted Wolf
20%
Big-Top
18%
DJ Music Man
18%
Grimm Foxy
18%
Jackie
18%
Jack-o-Cupcake
18%
Prize King
18%
Wet Floor Bot
18%
Cassie
16%
Minireena 2
16%
Shattered Glamrock Chica
16%
Shattered Montgomery Gator (Monty)
16%
Shattered Roxanne Wolf (Roxy)
16%
Dollie
14%
Egg Baby
14%
Golden Bonnie
14%
FNAF VR 2 Carnie
12%
Funtime Bonnie
12%
Golden Toy Freddy
12%
Gumball Swivelhands
12%
Mystic Hippo
12%
Withered Mangle
10%
Helpi (V.A.N.N.I) Assistent
10%
Jack-O-Moon
10%
Plushbabies
10%
Purple Guy Animatronic
10%
Golden Chica
8%
Golden Foxy
8%
Minireena 1
8%
Mr. Helpful
8%
Mrs. Helpful
8%
The Entity
8%
FNAF AR: Special Delivery 8-Bit Baby
6%
FNAF: Secret Of The Mimic Arnold
6%
Frostbear
6%
Golden Cupcake
6%
Head Chef Bot
6%
Neon Jukebox
6%
Nightmare Golden Freddy
6%
Nightmare JJ
6%
Salvage / Fredtrap
6%
The Pit (STAFF Bots)
6%
Withered Toy Bonnie
6%
Withered Toy Chica
6%
Withered Toy Freddy
6%
Captain Foxy
4%
Dispatch
4%
Glamrock Endo-Skeletons
4%
Mask Bot
4%
Phantom JJ
4%
Ruined DJ Music Man
4%
Ruined Moon
4%
Ruined Sun
4%
Wind-Up Music Man
4%
Withered BB
4%
Withered Puppet
4%
6/6/6/6 Camera
2%
Birthday Cake
2%
Carnival Nurse
2%
Chrome Freddy
2%
Digi Typer
2%
Golden Balloon Boy
2%
Golden Puppet
2%
Golden Toy Bonnie
2%
Janitor Bot
2%
Phantom Toy Bonnie
2%
Phantom Toy Chica
2%
Phantom Toy Freddy
2%
Shattered Glamrock Bonnie
2%
The Box
2%
The Princess
2%
Withered JJ
2%
Adventure Nightmare Mangle
0%
Adventure Withered Golden Freddy
0%
Ballpit Tower
0%
FNAF Hoax Characters Beakless Chica
0%
Bite Suspect Foxy
0%
Blood Freddy
0%
Bon Bon plush
0%
Brown Freddy
0%
Camera Cupcake
0%
Chair-Bear
0%
Chocolate Freddy
0%
David Murray
0%
Demonic Funtime Chica
0%
Demon Springtrap
0%
Devil Freddy
0%
Disguised Mimic
0%
BBL Willy
0%
Funtime Fredbear
0%
Possessed Plushies
0%
Edwin Murray
0%
Emerald Freddy
0%
Eyeless Freddy plush
0%
Fake Images of Nightmare Mangle
0%
Fake Nightmare Foxy Teaser
0%
Fiona Murray
0%
Fliptrap
0%
FNaF Movie
0%
Funky Tom
0%
Funtime Blood Puppet
0%
Funtime Spring Bonnie
0%
Golden Foxy (FNaF 3)
0%
Ice Cream Man
0%
Malware Mangle
0%
Man Animations
0%
Markiplier Animatronic
0%
Melted Music Man
0%
Mold Chica
0%
Negate Rainbow Freddy
0%
New Year's Freddy
0%
Nightmalgamate
0%
Nightmare Emerald Freddy
0%
Nightmare Fan
0%
Nightmare Shadow Freddy
0%
Nightmare Toy Animatronics
0%
Paper Buddy & Toy Chica
0%
Paperpal-tronics
0%
Phone Guy Springtrap
0%
Pink Guy
0%
Princess Quest
0%
Purple Foxy
0%
Rabbit Music Man
0%
Righty
0%
Robot Security Guard
0%
Ruined Candy Cadet
0%
Scott Cawthon Fake Accounts
0%
Secret face
0%
Shadow Plushtrap
0%
Silver Freddy
0%
Sinister Bonnie
0%
Sinister Chica
0%
Sinister Foxy
0%
Sinister Freddy
0%
Sinister Golden Freddy
0%
Speculation Nightmare Chica
0%
Speculation Nightmare Foxy
0%
Split-Face Music Man
0%
FNAF Twisted Ones Suicide Bot
0%
THEORA
0%
Withered Spring Bonnie
0%
Yellow Freddy
0%
No matching quizzes found
Score Distribution
Percent of People with Each Score
Percentile by Number Answered
Your Score History
You have not taken this quiz since the last reset